00533cam a2200205 i 450000100070000000500170000700800410002401000170006501500150008202000250009704000180012204100080014004300120014808000160016008200160017610000070019210100080019924500690020750400510027632327820180118051305.0741219s1974 enk b 001 0 eng  a 74194018  aGB74-07051 a0233965254 :c£3.25 aDLCcDLCdDLC aeng an-us--- a338.973 KEN00a338.973 KEN1 a52 aECO10aEconomics and the public purpose /c[by] John Kenneth Galbraith. aIncludes bibliographical references and index.